[Event "FIDE Open World Blitz 2021"]
[Site "Warsaw"]
[Date "2021.12.30"]
[Round "16.21"]
[White "Kozak, Adam"]
[Black "Klimkowski, Jan"]
[Result "1-0"]
[WhiteElo "2532"]
[BlackElo "2015"]
[Annotator "ChessBase"]
[PlyCount "77"]
[EventDate "2021.12.29"]
[EventType "swiss"]
[EventCountry "POL"]
[Tiebreak "Cut1 Buchholz"]
[SourceTitle "playchess.com"]
[Source "ChessBase"]
[SourceQuality "1"]

1. Nf3 Nf6 2. g3 b5 3. e3 a6 4. Bg2 Bb7 5. O-O e6 6. b3 Be7 7. Bb2 O-O 8. c4 c5
9. Nc3 bxc4 10. bxc4 Nc6 11. d4 cxd4 12. exd4 Na5 13. c5 d6 14. Na4 Nc4 15. Rb1
Bc6 16. Ba1 Rb8 17. Rc1 Bb5 18. Re1 Qa5 19. Nc3 dxc5 20. d5 Rbd8 21. Qb3 Rb8
22. dxe6 Qb4 23. exf7+ Rxf7 24. Ng5 Qxb3 25. axb3 Nd2 26. Nxf7 Kxf7 27. Nd5 Bd8
28. Nxf6 Bxf6 29. Bd5+ Kg6 30. Bxf6 Kxf6 31. Rc2 c4 32. bxc4 Rd8 33. Rxd2 Bxc4
34. Red1 Bb5 35. Bf3 Re8 36. Kg2 g6 37. h4 Re7 38. Rd6+ Kg7 39. Bc6 1-0

[Event "FIDE Open World Blitz 2021"]
[Site "Warsaw"]
[Date "2021.12.30"]
[Round "16.22"]
[White "Caruana, Fabiano"]
[Black "Michalik, Peter"]
[Result "0-1"]
[WhiteElo "2791"]
[BlackElo "2605"]
[Annotator "TA"]
[PlyCount "96"]
[EventDate "2021.12.29"]
[EventType "swiss"]
[EventCountry "POL"]
[Tiebreak "Cut1 Buchholz"]
[SourceTitle "playchess.com"]
[Source "ChessBase"]
[SourceQuality "1"]

1. c4 e6 2. Nc3 d5 3. d4 Nf6 4. cxd5 exd5 5. Bg5 c6 6. Qc2 Be7 7. e3 h6 8. Bh4
O-O 9. Bd3 Re8 10. Nge2 Nbd7 11. O-O Nh5 12. Bxe7 Qxe7 13. Rae1 Qg5 14. Qd2 Nb6
15. Nc1 Bf5 16. b3 Rad8 17. Bxf5 Qxf5 18. f3 Nf6 19. Nd3 Qg5 20. Nc5 Re7 21.
Qf2 Nc8 22. Qg3 Nd6 23. Qxg5 hxg5 24. g4 Nd7 25. Kf2 Nxc5 26. dxc5 Ne8 27. Ne2
Nc7 28. b4 g6 29. Rd1 Rde8 30. Rd3 Kg7 31. a4 f5 32. gxf5 gxf5 33. h4 gxh4 34.
Rh1 Rh8 35. Rd4 h3 36. Rf4 Re5 37. Ng3 Kg6 38. Rd4 Ne6 39. Rdd1 f4 40. Nf1 Kf6
41. exf4 Nxf4 42. Ne3 Kf7 43. Rd4 Ne6 44. Rg4 a5 45. bxa5 d4 46. Nc4 Rxc5 47.
Nd6+ Ke7 48. Nf5+ Rxf5 0-1

[Event "FIDE Open World Blitz 2021"]
[Site "Warsaw"]
[Date "2021.12.30"]
[Round "16.22"]
[White "Babazada, Khazar"]
[Black "Shoker, Samy"]
[Result "1/2-1/2"]
[WhiteElo "2302"]
[BlackElo "2504"]
[Annotator "ChessBase"]
[PlyCount "122"]
[EventDate "2021.12.29"]
[EventType "swiss"]
[EventCountry "POL"]
[Tiebreak "Cut1 Buchholz"]
[SourceTitle "playchess.com"]
[Source "ChessBase"]
[SourceQuality "1"]

1. e4 g6 2. d4 Bg7 3. Nc3 d6 4. Nf3 a6 5. a4 Nc6 6. h3 Nf6 7. Be3 O-O 8. Qd2 e5
9. d5 Ne7 10. g4 h5 11. gxh5 Nxh5 12. O-O-O Bd7 13. Be2 b5 14. a5 b4 15. Nb1 b3
16. c4 c6 17. dxc6 Bxc6 18. Qxd6 Qxd6 19. Rxd6 Bxe4 20. Nc3 Bc2 21. Ne1 Nf5 22.
Rd2 Nxe3 23. fxe3 Ng3 24. Rg1 Nxe2+ 25. Rxe2 Bf5 26. Nd5 Ra7 27. e4 Bxh3 28.
Nd3 Rc8 29. c5 Be6 30. Kd2 Rd8 31. N3b4 Rc7 32. Nxa6 Rc6 33. Nab4 Rxc5 34. a6
Ra5 35. Ke3 Bxd5 36. exd5 Ra4 37. Nc6 Ra8 38. a7 e4 39. Rd1 Bh6+ 40. Kf2 e3+
41. Kg3 R4xa7 42. Nxa7 Rxa7 43. Kf3 f5 44. Rd3 Rd7 45. Re1 Kf7 46. Rc1 g5 47.
Rc6 g4+ 48. Ke2 Bf4 49. Rxb3 Rxd5 50. Rb7+ Ke8 51. Rg6 Rd2+ 52. Kf1 Kf8 53.
Rf6+ Kg8 54. Ra6 Rd1+ 55. Ke2 Rd2+ 56. Kf1 Rd1+ 57. Ke2 Rd3 58. Kf1 Rd1+ 59.
Ke2 Rd2+ 60. Kf1 Rd1+ 61. Ke2 Rd2+ 1/2-1/2

[Event "FIDE Open World Blitz 2021"]
[Site "Warsaw"]
[Date "2021.12.30"]
[Round "16.23"]
[White "Nihal Sarin"]
[Black "Indjic, Aleksandar"]
[Result "1/2-1/2"]
[WhiteElo "2650"]
[BlackElo "2603"]
[Annotator "ChessBase"]
[PlyCount "111"]
[EventDate "2021.12.29"]
[EventType "swiss"]
[EventCountry "POL"]
[Tiebreak "Cut1 Buchholz"]
[SourceTitle "playchess.com"]
[Source "ChessBase"]
[SourceQuality "1"]

1. d4 Nf6 2. Nf3 e6 3. Bf4 c5 4. e3 cxd4 5. exd4 b6 6. Nbd2 Ba6 7. Bxa6 Nxa6 8.
c3 Nc7 9. O-O Be7 10. Re1 O-O 11. h3 d6 12. a4 Qd7 13. Qe2 a6 14. Ne4 b5 15.
Nxf6+ Bxf6 16. axb5 axb5 17. Bg5 Bxg5 18. Nxg5 h6 19. Ne4 Nd5 20. Qf3 Qc7 21.
Qg3 Rxa1 22. Rxa1 b4 23. cxb4 Qc2 24. Re1 Qxb2 25. Qxd6 Qxb4 26. Qxb4 Nxb4 27.
Rd1 Rc8 28. Kf1 Rc2 29. g3 Nd5 30. Rd2 Rc1+ 31. Kg2 g5 32. Ra2 Rd1 33. Ra4 Kg7
34. Nd6 Kg6 35. Nc4 f6 36. Ne3 Nxe3+ 37. fxe3 h5 38. Ra2 g4 39. hxg4 hxg4 40.
Ra5 Rd2+ 41. Kf1 Rb2 42. Rc5 f5 43. Rc6 Kf7 44. Rc7+ Kf6 45. Rc6 Rd2 46. Ra6
Ke7 47. Rb6 Kd7 48. Ra6 Rb2 49. Ra5 Kd6 50. Rc5 Ra2 51. Rb5 Rc2 52. Ra5 Rb2 53.
Rc5 Kd7 54. Ra5 Kc6 55. Rc5+ Kd6 56. Ra5 1/2-1/2

[Event "FIDE Open World Blitz 2021"]
[Site "Warsaw"]
[Date "2021.12.30"]
[Round "16.23"]
[White "Heimann, Andreas"]
[Black "Kanarek, Marcel"]
[Result "0-1"]
[WhiteElo "2584"]
[BlackElo "2342"]
[Annotator "ChessBase"]
[PlyCount "100"]
[EventDate "2021.12.29"]
[EventType "swiss"]
[EventCountry "POL"]
[Tiebreak "Cut1 Buchholz"]
[SourceTitle "playchess.com"]
[Source "ChessBase"]
[SourceQuality "1"]

1. e4 c5 2. Nf3 d6 3. d4 cxd4 4. Nxd4 Nf6 5. f3 e5 6. Bb5+ Nbd7 7. Nf5 d5 8.
exd5 a6 9. Ba4 b5 10. Bb3 Nc5 11. Ne3 Bd6 12. O-O O-O 13. Nc3 Qc7 14. Qe1 e4
15. Qh4 Re8 16. f4 Bd7 17. Bd2 Rab8 18. Ne2 Nxb3 19. cxb3 Qb6 20. Kh1 Bc5 21.
Qg3 Nh5 22. Qf2 Nf6 23. b4 Ng4 24. bxc5 Nxf2+ 25. Rxf2 Qxc5 26. Rc1 Qb6 27.
Rff1 Rbc8 28. Rcd1 h6 29. Ng3 b4 30. f5 f6 31. Nh5 Re7 32. Nf4 Bb5 33. Rfe1 a5
34. Ne6 Bd3 35. Ng4 Rc2 36. Bf4 Rd7 37. Bxh6 Rxd5 38. Bxg7 Rxf5 39. Nh6+ Kh7
40. Nxf5 Qxe6 41. Nd4 Qxa2 42. Nxc2 Kxg7 43. Ne3 Qxb2 44. Rc1 Qe5 45. Rc8 b3
46. Rec1 b2 47. R1c7+ Kh6 48. Rh8+ Kg5 49. h4+ Kf4 50. Nf1 Bxf1 0-1

[Event "FIDE Open World Blitz 2021"]
[Site "Warsaw"]
[Date "2021.12.30"]
[Round "16.24"]
[White "Halkias, Stelios"]
[Black "Kolosowski, Mateusz"]
[Result "1/2-1/2"]
[WhiteElo "2575"]
[BlackElo "2444"]
[Annotator "ChessBase"]
[PlyCount "189"]
[EventDate "2021.12.29"]
[EventType "swiss"]
[EventCountry "POL"]
[Tiebreak "Cut1 Buchholz"]
[SourceTitle "playchess.com"]
[Source "ChessBase"]
[SourceQuality "1"]

1. Nf3 Nf6 2. c4 c5 3. Nc3 g6 4. e4 Bg7 5. d4 cxd4 6. Nxd4 Nc6 7. Be3 d6 8. Be2
O-O 9. O-O Nxd4 10. Bxd4 Be6 11. Qd2 Qa5 12. Rab1 Nxe4 13. Qe3 Bxd4 14. Qxd4
Nxc3 15. bxc3 b6 16. h4 Rac8 17. Rfe1 Qc5 18. Qd2 Qe5 19. h5 Qf6 20. Qe3 Rc5
21. Rb5 Rfc8 22. a4 g5 23. Bd3 Rxb5 24. axb5 Rc5 25. Qd4 h6 26. Re3 Kg7 27. Re1
Qxd4 28. cxd4 Rc7 29. d5 Bg4 30. f3 Bxh5 31. Kf2 Bg6 32. Ke3 Bxd3 33. Kxd3 Kf6
34. g4 e6 35. dxe6 fxe6 36. Rh1 Rh7 37. Kd4 Kg6 38. Re1 Re7 39. Rh1 Rf7 40. Ke3
Rf4 41. Rd1 Rxc4 42. Rxd6 Kf6 43. Rd7 Ra4 44. Rh7 Ke5 45. Rxh6 Ra3+ 46. Kf2 Rb3
47. Rg6 Kd6 48. Rxg5 e5 49. Rg7 Rxb5 50. Rxa7 Rb3 51. Rb7 b5 52. g5 Ke6 53. g6
Rc3 54. Rxb5 Rc8 55. Ke3 Kf6 56. Rb6+ Kf5 57. g7 Rg8 58. Rb7 Ra8 59. Rf7+ Kg6
60. Re7 Kf6 61. Rb7 Kg6 62. Ke4 Kf6 63. Rc7 Ra4+ 64. Kd5 Ra8 65. Ke4 Ra4+ 66.
Kd5 Ra8 67. Kd6 Rd8+ 68. Kc6 Rg8 69. Kd5 Rd8+ 70. Ke4 Rd4+ 71. Ke3 Rd8 72. Rd7
Ra8 73. Rb7 Rd8 74. Rc7 Ra8 75. Ke4 Rg8 76. Ra7 Rd8 77. Rb7 Ra8 78. Kd5 Rd8+
79. Kc6 Rg8 80. Kd6 Rd8+ 81. Rd7 Rg8 82. Kd5 Ra8 83. Ra7 Rd8+ 84. Ke4 Rd4+ 85.
Ke3 Rd8 86. Rb7 Rg8 87. Ke4 Rd8 88. Rb6+ Kxg7 89. Kxe5 Kf7 90. f4 Ra8 91. Rb7+
Kf8 92. Rb6 Kf7 93. Rb7+ Kf8 94. f5 Ra6 95. Ke4 1/2-1/2

[Event "FIDE Open World Blitz 2021"]
[Site "Warsaw"]
[Date "2021.12.30"]
[Round "16.24"]
[White "Quparadze, Giga"]
[Black "Sjugirov, Sanan"]
[Result "0-1"]
[WhiteElo "2475"]
[BlackElo "2589"]
[Annotator "ChessBase"]
[PlyCount "74"]
[EventDate "2021.12.29"]
[EventType "swiss"]
[EventCountry "POL"]
[Tiebreak "Cut1 Buchholz"]
[SourceTitle "playchess.com"]
[Source "ChessBase"]
[SourceQuality "1"]

1. e4 c5 2. Nf3 d6 3. d4 cxd4 4. Nxd4 Nf6 5. Nc3 a6 6. g3 e5 7. Nde2 Be7 8. Bg2
O-O 9. O-O b5 10. a4 b4 11. Nd5 Nxd5 12. Qxd5 Ra7 13. Be3 Be6 14. Qd3 Rb7 15.
a5 Qc8 16. b3 Rc7 17. Rfc1 Nd7 18. Qd2 Qb7 19. Ra4 Rb8 20. Bb6 Nxb6 21. Rxb4
Qa7 22. Qe3 Nd7 23. Rxb8+ Nxb8 24. Qd2 Qc5 25. c4 Nc6 26. Ra1 Rb7 27. Nc3 Qd4
28. Qe1 Rxb3 29. Nd5 Bd8 30. Rd1 Qc5 31. Qe2 Bxa5 32. Qa2 Rb8 33. Bf1 h6 34. h4
Nb4 35. Qa4 Nxd5 36. cxd5 Bg4 37. Ra1 Rb2 0-1

[Event "FIDE Open World Blitz 2021"]
[Site "Warsaw"]
[Date "2021.12.30"]
[Round "16.25"]
[White "Howell, David W L"]
[Black "Moroni, Luca Jr"]
[Result "0-1"]
[WhiteElo "2648"]
[BlackElo "2580"]
[Annotator "ChessBase"]
[PlyCount "76"]
[EventDate "2021.12.29"]
[EventType "swiss"]
[EventCountry "POL"]
[Tiebreak "Cut1 Buchholz"]
[SourceTitle "playchess.com"]
[Source "ChessBase"]
[SourceQuality "1"]

1. Nf3 g6 2. d4 Bg7 3. c4 d6 4. Nc3 Nc6 5. g3 Bd7 6. Bg2 Qc8 7. h3 Nf6 8. e4 e5
9. d5 Ne7 10. Be3 O-O 11. c5 Ne8 12. Rc1 dxc5 13. Bxc5 Nd6 14. h4 Bg4 15. Qd3
b6 16. Ba3 Qd7 17. O-O f5 18. Ng5 f4 19. f3 h6 20. fxg4 hxg5 21. gxf4 exf4 22.
Bh3 Be5 23. h5 gxh5 24. Qf3 Kf7 25. Kf2 h4 26. Qd3 Ng6 27. Kg2 Kg7 28. Rc2 f3+
29. Rxf3 Rxf3 30. Qxf3 Rf8 31. Qe3 Rf7 32. Ne2 Qa4 33. Bxd6 Qxc2 34. Bxe5+ Nxe5
35. Qxg5+ Ng6 36. Qe3 Nf4+ 37. Kh1 Qxe2 38. Qd4+ Kg8 0-1

[Event "FIDE Open World Blitz 2021"]
[Site "Warsaw"]
[Date "2021.12.30"]
[Round "16.25"]
[White "Lima, Darcy"]
[Black "Carlsson, Pontus"]
[Result "1/2-1/2"]
[WhiteElo "2379"]
[BlackElo "2457"]
[Annotator "ChessBase"]
[PlyCount "78"]
[EventDate "2021.12.29"]
[EventType "swiss"]
[EventCountry "POL"]
[Tiebreak "Cut1 Buchholz"]
[SourceTitle "playchess.com"]
[Source "ChessBase"]
[SourceQuality "1"]

1. d4 Nf6 2. c4 e6 3. Nf3 b6 4. Bf4 Bb7 5. e3 Bb4+ 6. Nfd2 O-O 7. a3 Be7 8. Nc3
c5 9. d5 exd5 10. cxd5 d6 11. e4 a6 12. a4 Re8 13. Be2 Bf8 14. O-O Nbd7 15. h3
Qc7 16. Re1 Ne5 17. Nc4 Nxc4 18. Bxc4 Nd7 19. Rc1 g6 20. Qd2 Bg7 21. Kh1 Re7
22. Bg5 Re5 23. f4 Rxg5 24. fxg5 Ne5 25. Bf1 Bc8 26. Nd1 Bd7 27. b3 b5 28. a5
Re8 29. Nf2 Qd8 30. Nd3 Nxd3 31. Bxd3 Be5 32. Rf1 Qe7 33. Rf3 Rc8 34. b4 c4 35.
Bb1 Rf8 36. Rcf1 Bc8 37. Bc2 Kg7 38. Bb1 Kg8 39. Bc2 Kg7 1/2-1/2

[Event "FIDE Open World Blitz 2021"]
[Site "Warsaw"]
[Date "2021.12.30"]
[Round "16.26"]
[White "Predke, Alexandr"]
[Black "Petrosyan, Manuel"]
[Result "0-1"]
[WhiteElo "2627"]
[BlackElo "2599"]
[Annotator "ChessBase"]
[PlyCount "66"]
[EventDate "2021.12.29"]
[EventType "swiss"]
[EventCountry "POL"]
[Tiebreak "Cut1 Buchholz"]
[SourceTitle "playchess.com"]
[Source "ChessBase"]
[SourceQuality "1"]

1. d4 Nf6 2. c4 e6 3. Nc3 Bb4 4. e3 O-O 5. Bd3 d5 6. cxd5 exd5 7. a3 Bd6 8. Qc2
c6 9. Nge2 Re8 10. Bd2 Nbd7 11. f3 c5 12. h4 a6 13. O-O-O b5 14. g4 b4 15. axb4
cxb4 16. Na4 Bb7 17. Kb1 Rc8 18. Qb3 Qa5 19. Qa2 Bc6 20. b3 Bxa4 21. Qxa4 Qxa4
22. bxa4 Nb6 23. Bxa6 Ra8 24. Bb5 Reb8 25. Rc1 Nxa4 26. Bxa4 Rxa4 27. Rc6 Bf8
28. Rhc1 b3 29. Rc8 Rb7 30. R1c7 Rxc7 31. Rxc7 Ra2 32. Kc1 Ba3+ 33. Kd1 Ra1+
0-1

[Event "FIDE Open World Blitz 2021"]
[Site "Warsaw"]
[Date "2021.12.30"]
[Round "16.26"]
[White "Janik, Igor"]
[Black "Kuzmicz, Krystian"]
[Result "0-1"]
[WhiteElo "2508"]
[BlackElo "2281"]
[Annotator "ChessBase"]
[PlyCount "66"]
[EventDate "2021.12.29"]
[EventType "swiss"]
[EventCountry "POL"]
[Tiebreak "Cut1 Buchholz"]
[SourceTitle "playchess.com"]
[Source "ChessBase"]
[SourceQuality "1"]

1. e4 c5 2. Nf3 e6 3. g3 Nc6 4. Bg2 d5 5. exd5 exd5 6. O-O Nf6 7. d4 c4 8. Nc3
Be7 9. Bg5 O-O 10. Ne5 Be6 11. f4 Qb6 12. Nxc6 bxc6 13. f5 Bd7 14. Rb1 h6 15.
Bf4 Rfe8 16. Be5 Nh7 17. Kh1 f6 18. Bf4 Ng5 19. b3 cxb3 20. Rxb3 Qa6 21. Qh5
Nf7 22. Rfb1 Bd6 23. Rb7 Re7 24. Bxd6 Nxd6 25. Rb8+ Rxb8 26. Rxb8+ Be8 27. Qd1
Qc4 28. Nb1 Nxf5 29. c3 Ne3 30. Qh5 Kf8 31. Qf3 Qxa2 32. h4 Nxg2 33. Qxg2 Re1+
0-1

[Event "FIDE Open World Blitz 2021"]
[Site "Warsaw"]
[Date "2021.12.30"]
[Round "16.27"]
[White "Dreev, Aleksey"]
[Black "Ivic, Velimir"]
[Result "1-0"]
[WhiteElo "2635"]
[BlackElo "2575"]
[Annotator "ChessBase"]
[PlyCount "77"]
[EventDate "2021.12.29"]
[EventType "swiss"]
[EventCountry "POL"]
[Tiebreak "Cut1 Buchholz"]
[SourceTitle "playchess.com"]
[Source "ChessBase"]
[SourceQuality "1"]

1. d4 d5 2. Nf3 Nf6 3. c4 e6 4. Bg5 Be7 5. e3 O-O 6. Nc3 h6 7. Bh4 b6 8. Bd3
Bb7 9. O-O Nbd7 10. Qe2 c5 11. Rfd1 Rc8 12. dxc5 Nxc5 13. Bc2 Ba6 14. Nb5 Nfe4
15. Bxe7 Qxe7 16. cxd5 exd5 17. Rxd5 Qf6 18. Nfd4 Bb7 19. Rf5 Qe7 20. Nxa7 Ra8
21. Nab5 Rfd8 22. a3 g6 23. Rf4 Qe5 24. Re1 Kg7 25. h3 h5 26. f3 Nf6 27. Qf2
Nd5 28. Rh4 Qf6 29. f4 Rh8 30. e4 Rad8 31. exd5 Rxd5 32. f5 g5 33. Rhe4 Nxe4
34. Bxe4 Rd7 35. Bxb7 Rxb7 36. Nc3 Rd7 37. Nf3 g4 38. Qg3 Rd3 39. hxg4 1-0

[Event "FIDE Open World Blitz 2021"]
[Site "Warsaw"]
[Date "2021.12.30"]
[Round "16.27"]
[White "Samunenkov, Ihor"]
[Black "Gdanski, Jacek"]
[Result "1-0"]
[WhiteElo "2348"]
[BlackElo "2367"]
[Annotator "NA"]
[PlyCount "87"]
[EventDate "2021.12.29"]
[EventType "swiss"]
[EventCountry "POL"]
[Tiebreak "Cut1 Buchholz"]
[SourceTitle "playchess.com"]
[Source "ChessBase"]
[SourceQuality "1"]

1. d4 Nf6 2. Nc3 c5 3. d5 g6 4. e4 d6 5. Bb5+ Bd7 6. a4 Bg7 7. Nf3 O-O 8. O-O
Na6 9. Qe2 Nc7 10. Bc4 Bg4 11. h3 Bxf3 12. Qxf3 b6 13. a5 Nd7 14. Qe2 bxa5 15.
Bd2 Nb6 16. Bb3 e6 17. dxe6 Nxe6 18. Bxe6 fxe6 19. Rxa5 Qc7 20. Nb5 Qd7 21. Bc3
d5 22. Bxg7 Kxg7 23. Rfa1 Nc4 24. Rxa7 Rf7 25. Rxa8 Qxb5 26. b3 Nd6 27. Qxb5
Nxb5 28. exd5 exd5 29. R1a5 Nc7 30. R8a7 Ne6 31. Rxf7+ Kxf7 32. Ra7+ Kf6 33.
Rxh7 Ke5 34. Kf1 Nd4 35. Rc7 Kd6 36. Rg7 Nxc2 37. Rxg6+ Ke5 38. h4 Nd4 39. h5
c4 40. bxc4 dxc4 41. Ke1 c3 42. h6 Ke4 43. Rg4+ Kd3 44. Rxd4+ 1-0

[Event "FIDE Open World Blitz 2021"]
[Site "Warsaw"]
[Date "2021.12.30"]
[Round "16.28"]
[White "Hovhannisyan, Robert"]
[Black "Corrales Jimenez, Fidel"]
[Result "1-0"]
[WhiteElo "2622"]
[BlackElo "2523"]
[Annotator "ChessBase"]
[PlyCount "121"]
[EventDate "2021.12.29"]
[EventType "swiss"]
[EventCountry "POL"]
[Tiebreak "Cut1 Buchholz"]
[SourceTitle "playchess.com"]
[Source "ChessBase"]
[SourceQuality "1"]

1. e4 c5 2. Nf3 d6 3. Nc3 a6 4. d4 cxd4 5. Nxd4 Nf6 6. Be2 e5 7. Nf3 Be7 8. Bg5
Nbd7 9. a4 O-O 10. Nd2 h6 11. Be3 b6 12. Nc4 Qc7 13. f3 Bb7 14. Bf2 Nc5 15. Ne3
Ne6 16. O-O Nd4 17. Bc4 Ne6 18. Ncd5 Bxd5 19. Bxd5 Rab8 20. c3 b5 21. axb5 axb5
22. Qd2 Nd7 23. Ba2 Bg5 24. Rfd1 Rb6 25. Qe2 Nf4 26. Qf1 Nf6 27. h4 Nxg2 28.
hxg5 Nxe3 29. Bxe3 hxg5 30. Bxb6 Qxb6+ 31. Qf2 Qc7 32. Bd5 g6 33. Ra7 Qc8 34.
Rda1 Nxd5 35. exd5 g4 36. Ra8 Qf5 37. Rxf8+ Kxf8 38. Rf1 Kg7 39. Qg3 gxf3 40.
Qxf3 Qg5+ 41. Kh2 f5 42. Rg1 Qh4+ 43. Qh3 Qf2+ 44. Rg2 Qf4+ 45. Qg3 Qh6+ 46.
Qh3 Qf4+ 47. Rg3 Qd2+ 48. Qg2 Qh6+ 49. Kg1 Qc1+ 50. Qf1 Qc2 51. Qf2 Qe4 52. Qg2
Qb1+ 53. Qf1 Qe4 54. Qd3 Qe1+ 55. Kg2 e4 56. Qd4+ Kf7 57. Qa7+ Kf6 58. Qd4+ Kf7
59. Qf2 Qd1 60. Rh3 Qg4+ 61. Kh2 1-0

[Event "FIDE Open World Blitz 2021"]
[Site "Warsaw"]
[Date "2021.12.30"]
[Round "16.28"]
[White "Blanco Acevedo, Cristobal Jose"]
[Black "Vastrukhin, Oleg"]
[Result "0-1"]
[WhiteElo "2350"]
[BlackElo "2588"]
[Annotator "ChessBase"]
[PlyCount "65"]
[EventDate "2021.12.29"]
[EventType "swiss"]
[EventCountry "POL"]
[Tiebreak "Cut1 Buchholz"]
[SourceTitle "playchess.com"]
[Source "ChessBase"]
[SourceQuality "1"]

1. e4 g6 2. d4 Bg7 3. f4 d5 4. e5 Nh6 5. Nf3 O-O 6. Be2 Bg4 7. O-O f6 8. h3
Bxf3 9. Bxf3 e6 10. Be3 Nf5 11. Bf2 fxe5 12. fxe5 c5 13. c3 Nc6 14. g4 Nh4 15.
Bh1 g5 16. Nd2 Qb6 17. Qb3 cxd4 18. Qxb6 axb6 19. cxd4 Nb4 20. a3 Nd3 21. Be3
h6 22. Rab1 Ng6 23. Rxf8+ Bxf8 24. Bg2 Rc8 25. Bf1 Ndf4 26. Nf3 Rc2 27. b4 Rc3
28. Bxf4 Nxf4 29. Nd2 Rxa3 30. b5 Nxh3+ 31. Bxh3 Rc3 32. Kf2 Rxh3 33. Nf3 0-1

[Event "FIDE Open World Blitz 2021"]
[Site "Warsaw"]
[Date "2021.12.30"]
[Round "16.29"]
[White "Donchenko, Alexander"]
[Black "Pichot, Alan"]
[Result "0-1"]
[WhiteElo "2645"]
[BlackElo "2630"]
[Annotator "ChessBase"]
[PlyCount "86"]
[EventDate "2021.12.29"]
[EventType "swiss"]
[EventCountry "POL"]
[Tiebreak "Cut1 Buchholz"]
[SourceTitle "playchess.com"]
[Source "ChessBase"]
[SourceQuality "1"]

1. c4 Nf6 2. g3 e6 3. Bg2 d5 4. d4 Be7 5. Nf3 O-O 6. Nc3 Nbd7 7. Qd3 a6 8. b3
c5 9. cxd5 exd5 10. O-O b5 11. Ne5 Bb7 12. Nxd7 Qxd7 13. dxc5 Bxc5 14. Bg5 Qe6
15. Bxf6 Qxf6 16. Nxd5 Qe5 17. Rac1 Rac8 18. e3 Rfd8 19. Rfd1 Bf8 20. Rxc8 Rxc8
21. Nf6+ Qxf6 22. Bxb7 Rc3 23. Qd2 a5 24. Be4 g6 25. h4 Qe5 26. Bf3 Bb4 27. Qd7
Rc2 28. a4 bxa4 29. bxa4 Qb2 30. Rf1 Bc5 31. Bd5 Qf6 32. h5 Kg7 33. Be4 Rxf2
34. Rxf2 Bxe3 35. Bf5 Bxf2+ 36. Kxf2 Qxf5+ 37. Qxf5 gxf5 38. Ke3 Kf6 39. Kd4
Kg5 40. Ke5 h6 41. Kd4 Kxh5 42. Kc5 Kg4 43. Kb5 Kxg3 0-1

[Event "FIDE Open World Blitz 2021"]
[Site "Warsaw"]
[Date "2021.12.30"]
[Round "16.29"]
[White "Krasenkow, Michal"]
[Black "Lopusiewicz, Piotr"]
[Result "1-0"]
[WhiteElo "2576"]
[BlackElo "2279"]
[Annotator "ChessBase"]
[PlyCount "100"]
[EventDate "2021.12.29"]
[EventType "swiss"]
[EventCountry "POL"]
[Tiebreak "Cut1 Buchholz"]
[SourceTitle "playchess.com"]
[Source "ChessBase"]
[SourceQuality "1"]

1. d4 Nf6 2. c4 e6 3. Nf3 d5 4. Nc3 dxc4 5. Qa4+ c6 6. Qxc4 b5 7. Qd3 Nbd7 8.
e4 b4 9. Na4 Bb7 10. Be3 c5 11. Nd2 cxd4 12. Bxd4 Qa5 13. b3 Rd8 14. f3 Be7 15.
Qb5 Qxb5 16. Bxb5 a6 17. Be2 O-O 18. Rc1 Bd6 19. Nc4 Bf4 20. Be3 Bxe3 21. Nxe3
Ne5 22. Rc7 Rd7 23. Rxd7 Nfxd7 24. Kf2 f5 25. exf5 exf5 26. Rd1 f4 27. Nc4 Rc8
28. Nd6 Rc7 29. Nxb7 Rxb7 30. Bxa6 Rc7 31. Rd2 Nc5 32. Nxc5 Rxc5 33. Bb7 Kf7
34. Be4 h6 35. Rd4 Ra5 36. Bb1 g5 37. Rxb4 Rxa2+ 38. Bxa2 Nd3+ 39. Ke2 Nxb4 40.
Bb1 Ke6 41. Kd2 Kd5 42. Kc3 Kc5 43. g3 fxg3 44. hxg3 h5 45. Bf5 h4 46. gxh4
gxh4 47. Be6 Nd5+ 48. Kd2 Nf4 49. Bg4 h3 50. Bxh3 Kd5 1-0

[Event "FIDE Open World Blitz 2021"]
[Site "Warsaw"]
[Date "2021.12.30"]
[Round "16.30"]
[White "Faizrakhmanov, Ramil"]
[Black "Jobava, Baadur"]
[Result "0-1"]
[WhiteElo "2396"]
[BlackElo "2582"]
[Annotator "ChessBase"]
[PlyCount "146"]
[EventDate "2021.12.29"]
[EventType "swiss"]
[EventCountry "POL"]
[Tiebreak "Cut1 Buchholz"]
[SourceTitle "playchess.com"]
[Source "ChessBase"]
[SourceQuality "1"]

1. d4 d5 2. c4 dxc4 3. Nf3 Nf6 4. e3 Bg4 5. Bxc4 e6 6. O-O Bd6 7. h3 Bh5 8. b3
O-O 9. Bb2 Nbd7 10. Be2 Qe7 11. Nbd2 c6 12. Nc4 Rfd8 13. Nxd6 Qxd6 14. Rc1 h6
15. Ne5 Bxe2 16. Qxe2 Qe7 17. Nc4 Nb6 18. Ba3 Qc7 19. Ne5 Nbd7 20. Nd3 a5 21.
Rc2 Qb6 22. Be7 Re8 23. Bxf6 Nxf6 24. Ne5 Red8 25. Rfc1 Nd7 26. Nd3 Qc7 27. Nc5
Nxc5 28. Rxc5 Qb6 29. Qc2 Rd5 30. Rc4 Rad8 31. Rc5 Qc7 32. Qc4 Qb6 33. Qc3 Qa6
34. a3 Qb6 35. b4 axb4 36. axb4 Ra8 37. b5 Rxc5 38. Qxc5 Qxb5 39. Qxb5 cxb5 40.
Rc5 b6 41. Rxb5 Rb8 42. Kf1 Kf8 43. Ke2 Ke7 44. Kd3 Kd6 45. e4 Kc6 46. Kc4 Kb7
47. d5 Rc8+ 48. Kd3 Rc1 49. dxe6 fxe6 50. Ke3 Kc6 51. Rb2 b5 52. Kf4 Rc5 53. h4
Kb6 54. g4 g5+ 55. hxg5 hxg5+ 56. Ke3 e5 57. Rd2 Rc3+ 58. Ke2 b4 59. Rd6+ Kc5
60. Rd5+ Kc4 61. Rxe5 b3 62. Re8 b2 63. Rc8+ Kb3 64. Rb8+ Kc2 65. e5 Rc5 66. f4
gxf4 67. Kf3 Rc3+ 68. Kxf4 Rb3 69. Rc8+ Kd2 70. Rd8+ Ke2 71. e6 b1=Q 72. e7
Qc1+ 73. Kf5 Qc5+ 0-1

[Event "FIDE Open World Blitz 2021"]
[Site "Warsaw"]
[Date "2021.12.30"]
[Round "16.31"]
[White "Rapport, Richard"]
[Black "Santos Latasa, Jaime"]
[Result "0-1"]
[WhiteElo "2763"]
[BlackElo "2561"]
[Annotator "ChessBase"]
[PlyCount "117"]
[EventDate "2021.12.29"]
[EventType "swiss"]
[EventCountry "POL"]
[Tiebreak "Cut1 Buchholz"]
[SourceTitle "playchess.com"]
[Source "ChessBase"]
[SourceQuality "1"]

1. e4 e5 2. Nf3 Nc6 3. g3 Nf6 4. d3 d5 5. exd5 Nxd5 6. Bg2 g6 7. Nc3 Nde7 8.
O-O Bg7 9. Rb1 a5 10. Re1 O-O 11. a3 Nf5 12. b4 axb4 13. axb4 Nfd4 14. Nd2 Re8
15. b5 Na5 16. Nde4 h6 17. Bd2 Ra7 18. Nd5 b6 19. c3 Nf5 20. c4 Be6 21. Nb4 Qd7
22. Ra1 Raa8 23. Nc3 Rad8 24. Ncd5 Kh7 25. Rxa5 bxa5 26. Nc6 Bxd5 27. Bxd5 Ne7
28. Nxe7 Qxe7 29. Bxa5 Rxd5 30. cxd5 Qc5 31. Qf3 f5 32. d6 Qxd6 33. Qc6 Qxc6
34. bxc6 Re7 35. Rb1 Re6 36. Rc1 Re7 37. f3 Bf6 38. Kg2 Kg7 39. h3 Kf7 40. Rb1
Re6 41. Rc1 Re7 42. Bb4 Re8 43. Ra1 Re6 44. Ra6 Be7 45. Bd2 h5 46. Ba5 Bd6 47.
Ra7 Re7 48. g4 Ke6 49. Ra6 Kd5 50. Bd2 Re8 51. Kf1 Rb8 52. Ke2 Rb6 53. Ra8 Rb2
54. Kd1 hxg4 55. hxg4 fxg4 56. fxg4 Kxc6 57. Rg8 Kd5 58. Rxg6 Kd4 59. Rh6 0-1